Ελληνική λαογραφία : κοινωνική συγκρότηση, ήθη και έθιμα, λαϊκή τέχνη
Αποθηκεύτηκε σε:
| Κύριος συγγραφέας: | |
|---|---|
| Μορφή: | Βιβλίο |
| Γλώσσα: | Greek |
| Δημοσίευση: |
Αθήνα :
Ινστιτούτο του Βιβλίου-Α. Καρδαμίτσα,
2011
|
| Έκδοση: | 3η έκδ. συμπληρωμένη |
| Θέματα: | |
| Ετικέτες: |
Προσθήκη ετικέτας
Δεν υπάρχουν, Καταχωρήστε ετικέτα πρώτοι!
|
MARC
| LEADER | 00000nam a2200000 i 4500 | ||
|---|---|---|---|
| 001 | 1/27995 | ||
| 008 | 130403r2011 gre d | ||
| 020 | |a 978-960-354-281-0 | ||
| 035 | |l 10114117 | ||
| 040 | |a GR-MY-UA |b gre |e aacr | ||
| 041 | 0 | |a gre | |
| 082 | 0 | |a 398.09495 |2 (22) | |
| 100 | 1 | |a Μερακλής, Μιχάλης Γ., |d 1932- | |
| 245 | 1 | 0 | |a Ελληνική λαογραφία : |b κοινωνική συγκρότηση, ήθη και έθιμα, λαϊκή τέχνη / |c Μιχαήλ Γ. Μερακλής |
| 250 | |a 3η έκδ. συμπληρωμένη | ||
| 260 | |a Αθήνα : |b Ινστιτούτο του Βιβλίου-Α. Καρδαμίτσα, |c 2011 | ||
| 300 | |a 646 σ.; |c 21 εκ. | ||
| 504 | |a Περιλαμβάνει βιβλιογραφικές παραπομπές και ευρετήριο | ||
| 650 | 0 | 0 | |a Folklore |z Greece. |
| 650 | 0 | 0 | |a Folk art |z Greece. |
| 651 | 0 | |a Greece |x Social life and customs. | |
| 852 | |a INST |b RHODES |c EUDOXUS |e 20130403 |h 398.09495 ΜΕΡ |p 005400035069 |q 005400035069 |t EDX |y 0 | ||
| 852 | |a INST |b RHODES |c EUDOXUS |e 20140408 |h 398.09495 ΜΕΡ |p 005400036366 |q 005400036366 |t EDX |y 0 | ||
| 852 | |a INST |b RHODES |c EUDOXUS |e 20140514 |h 398.09495 ΜΕΡ |p 005400036433 |q 005400036433 |t EDX |y 0 | ||
| 901 | |a BIBL4-2013-1 | ||
| 901 | |a BIBL4-2014-1 | ||
| 901 | |a BIBL4-2014-2 | ||
| 909 | |a Ρ |b 176600 | ||
| 909 | |a Ρ |b 182870 | ||
| 909 | |a Ρ |b 182937 | ||
| 920 | |a ΕΥΔΟΞΟΣ |b ΕΠΙΣΤΡΟΦΗ |y ΡΟΔΟΣ |z 2013-03 | ||
| 920 | |a ΕΥΔΟΞΟΣ |b ΕΠΙΣΤΡΟΦΗ |y ΡΟΔΟΣ |z 2014-04 | ||
| 920 | |a ΕΥΔΟΞΟΣ |b ΕΠΙΣΤΡΟΦΗ |y ΡΟΔΟΣ |z 2014-05 | ||